000 00607nam a2200229Ia 4500
003 OSt
005 20221006164629.0
006 a|||||r|||| 00| 0
007 ta
008 221006b |||||||| |||| 00| 0 eng d
024 _a852
037 _cTextual
040 _aFML
_cFML
_beng
041 _2eng
_aeng
082 _aQ13:417, K3
100 _aGriffith Ralph T. H Tr.
245 0 _aHymns Of Samveda
260 _aVaranasi
_bChawkhambha Sanskrit Series
_c1963
300 _a338 + 37
_ccm.
942 _hQ13:417, K3
_cTEXL
_2CC
999 _c1117909
_d1117909